Arabian Countries by flag - Statistics

General Stats
  • This quiz has been taken 23 times
  • The average score is 10 of 13
Answer Stats
Picture Answer % Correct
Iraq
95%
Egypt
89%
Iran
89%
Qatar
89%
Saudi Arabia
89%
Israel
84%
Lebanon
84%
Syria
68%
Yemen
68%
Oman
63%
Bahrain
58%
Kuwait
58%
Turkiye
47%
No matching quizzes found
Score Distribution
Percent of People with Each Score
Percentile by Number Answered
Your Score History
You have not taken this quiz